Влияние активности цеолитсодержащего катализатора на выход бензиновой фракции и кокса в технологии каталитического крекинга; Перспективы развития фундаментальных наук; Т. 2 : Химия

Podrobná bibliografie
Parent link:Перспективы развития фундаментальных наук=Prospects of Fundamental Sciences Development: сборник научных трудов XIV Международной конференции студентов, аспирантов и молодых ученых, г. Томск, 25-28 апреля 2017 г./ Национальный исследовательский Томский политехнический университет (ТПУ) ; под ред. И. А. Курзиной, Г. А. Вороновой.— , 2017
Т. 2 : Химия.— 2017.— [С. 40-42]
Hlavní autor: Назарова Г. Ю. Галина Юрьевна
Korporativní autor: Национальный исследовательский Томский политехнический университет (ТПУ) Институт природных ресурсов (ИПР) Кафедра химической технологии топлива и химической кибернетики (ХТТ)
Další autoři: Шафран Т. А. (научный руководитель), Стебенева В. И., Ивашкина Е. Н. Елена Николаевна
Shrnutí:Заглавие с экрана
The results of numerical studies to determine the catalyst activity are carry out in this paper. The activity of zeolite catalyst was determined by examining the surface occupied by the coke. The yield of gasoline fraction and coke content on the catalyst are evaluated taking into account the activity and circulation ratio of regenerated catalyst.
Jazyk:ruština
Vydáno: 2017
Témata:
On-line přístup:http://earchive.tpu.ru/handle/11683/41344
Médium: MixedMaterials Elektronický zdroj Kapitola
KOHA link:https://koha.lib.tpu.ru/cgi-bin/koha/opac-detail.pl?biblionumber=622735

MARC

LEADER 00000naa2a2200000 4500
001 622735
005 20231218124534.0
035 |a (RuTPU)RU\TPU\conf\21537 
035 |a RU\TPU\conf\21536 
090 |a 622735 
100 |a 20170705d2017 k y0rusy50 ca 
101 0 |a rus 
102 |a RU 
105 |a y z 100zy 
135 |a drcn ---uucaa 
181 0 |a i  
182 0 |a b 
200 1 |a Влияние активности цеолитсодержащего катализатора на выход бензиновой фракции и кокса в технологии каталитического крекинга  |d Impact of the zeolite catalyst activity on the yield of gasoline and coke in catalytic cracking technology  |f Г. Ю. Назарова, Т. А. Шафран, В. И. Стебенева  |g науч. рук. Е. Н. Ивашкина 
203 |a Текст  |c электронный 
300 |a Заглавие с экрана 
320 |a [Библиогр.: с. 42 (4 назв.)] 
330 |a The results of numerical studies to determine the catalyst activity are carry out in this paper. The activity of zeolite catalyst was determined by examining the surface occupied by the coke. The yield of gasoline fraction and coke content on the catalyst are evaluated taking into account the activity and circulation ratio of regenerated catalyst. 
461 1 |0 (RuTPU)RU\TPU\conf\21388  |t Перспективы развития фундаментальных наук  |l Prospects of Fundamental Sciences Development  |o сборник научных трудов XIV Международной конференции студентов, аспирантов и молодых ученых, г. Томск, 25-28 апреля 2017 г.  |o в 7 т.  |f Национальный исследовательский Томский политехнический университет (ТПУ) ; под ред. И. А. Курзиной, Г. А. Вороновой  |d 2017 
463 1 |0 (RuTPU)RU\TPU\conf\21390  |t Т. 2 : Химия  |v [С. 40-42]  |d 2017 
510 1 |a Impact of the zeolite catalyst activity on the yield of gasoline and coke in catalytic cracking technology  |z eng 
610 1 |a труды учёных ТПУ 
610 1 |a электронный ресурс 
610 1 |a каталитические процессы 
610 1 |a бензиновые фракции 
610 1 |a кокс 
610 1 |a катализаторы 
610 1 |a регенерация 
700 1 |a Назарова  |b Г. Ю.  |c химик  |c ассистент Томского политехнического университета, лаборант  |f 1990-  |g Галина Юрьевна  |3 (RuTPU)RU\TPU\pers\35533  |9 18715 
701 1 |a Шафран  |b Т. А. 
701 1 |a Стебенева  |b В. И. 
702 1 |a Ивашкина  |b Е. Н.  |c химик-технолог  |c доцент Томского политехнического университета, кандидат технических наук  |f 1983-  |g Елена Николаевна  |4 727 
712 0 2 |a Национальный исследовательский Томский политехнический университет (ТПУ)  |b Институт природных ресурсов (ИПР)  |b Кафедра химической технологии топлива и химической кибернетики (ХТТ)  |3 (RuTPU)RU\TPU\col\18665 
801 2 |a RU  |b 63413507  |c 20170718  |g RCR 
856 4 |u http://earchive.tpu.ru/handle/11683/41344 
942 |c BK